Un uomo solo /

Gespeichert in:
Bibliographische Detailangaben
1. Verfasser: Isherwood, Christopher (Verfasst von)
Weitere Verfasser: Villa, Dario, (1953-1996) (Übersetzung)
Format: Buch
Sprache:Italienisch
Veröffentlicht: Milano : Guanda, [1981]
Schriftenreihe:Prosa contemporanea ; 7
Tags: Tag hinzufügen
Keine Tags, Fügen Sie das erste Tag hinzu!

MARC

LEADER 00000nam a22000007i 4500
001 IT\ICCU\RAV\0059981
003 ItRI
005 20260214154932.0
008 890814s1981 it |||||| ||||| |||||c
040 |b ita  |c ARCIGAY RIMINI 
041 7 |a ita  |2 ISO-639-2 
082 |a 823.912  |2 19 
100 1 |a Isherwood, Christopher  |0 IT\ICCU\CFIV\006762  |4 aut 
240 1 2 |a A single man  |9 Isherwood, Christopher 
245 1 3 |a Un uomo solo /  |c Christopher Isherwood ; traduzione di Dario Villa. 
260 |a Milano :  |b Guanda,  |c [1981] 
300 |a 131 p. ;  |c 20 cm. 
700 1 |a Villa, Dario,  |d  (1953-1996)  |0 IT\ICCU\CFIV\040688  |4 trl 
830 0 |a Prosa contemporanea ;  |v 7  |0 IT\ICCU\CFI\0003884 
942 |2 ddc  |c BK 
952 |0 0  |1 0  |2 ddc  |4 0  |6 823_912000000000000_ISH_UOM  |7 1  |9 3178  |a RN  |b RN  |d 2025-02-15  |l 0  |o 823.912 ISH UOM  |p 10443  |r 2025-02-15 20:34:35  |w 2025-02-15  |x Donazione di Giovanni Rimondini  |y BK  |z Donazione di Giovanni Rimondini 
952 |0 0  |1 0  |4 0  |6 DOC_823_912000000000000_ISH  |7 0  |9 22794  |a BO  |b BO  |d 2026-01-15  |i 17514  |l 0  |o DOC 823.912 ISH  |p BO17514  |r 2026-01-15 23:22:38  |w 2026-01-15  |x [Sebina 5] [1 v.]  |y BK  |z 1 v. (2. ed., ma rist. 1983) 
999 |c 2558  |d 2558